00531nam a2200181Ia 4500003000400000005001700004008004100021020002900062040001700091082002000108100001700128245009600145260003000241300001700271440001000288650003100298700002000329IIN20240209161048.0231217s9999 xx 000 0 und d cRs.640.00a9788131243770 aIINbEnglish a610.73677 bSON1 aSonia, Lizy 1 aMedical-Surgical Nursing : bPrep Manual for Undergraduates /cLizy Sonia and Shaina Sharma bElsevieraNew Delhic2016 axii, 398 p.  vVol.21 aMedical Surgical vNursing1 aSharma, Shaina